00869nam a2200217Ia 4500003000900000008004100009020001800050040001600068080002600084245015900110260007400269300002300343650004100366650003000407650002200437700002700459700003000486942000700516999001500523952011300538IN-BaIIA211028s9999 xx 000 0 eng d a2-222-01923-0 cIIA Library a524.3-852(082.2)bPHY 0aPhysique des mouvements dans les atmospheres stellaires (in French)cedited by R. Cayrel and M. Steinberg  aParisbEditions Du Centre National De La Recherche Scientifiquec1976 a[various pagings.] aAstronomy and astrophysics thesaurus aStellar atmospheres91135 aStellar structure aCayrel, R., ed.911138 aSteinberg, M., ed.911139 cBK c6493d6493 00104070aBANbBANcGENd1980-05-29l0o524.3-852(082.2)/ PHYp7225r2021-11-05w1980-05-29yBKGDFL 55.00